Premier League Manager Of The Month - Statistics

General Stats
  • This quiz has been taken 29 times
  • The average score is 4 of 17
Answer Stats
Wins Answer % Correct
27 Alex Ferguson
73%
15 Arsene Wenger
73%
10 David Moyes
41%
5 Claudio Ranieri
32%
7 Rafael Benitez
32%
6 Sam Allardyce
32%
5 Pep Guardiola
27%
5 Kevin Keegan
18%
4 Manuel Pellegrini
18%
4 Mauricio Pochettino
18%
8 Harry Redknapp
14%
4 Roy Hodgson
14%
6 Bobby Robson
9%
4 Carlo Ancelotti
9%
4 Joe Kinnear
9%
8 Martin O'Neill
9%
4 Gordon Strachan
5%
No matching quizzes found
Score Distribution
Percent of People with Each Score
Percentile by Number Answered
Your Score History
You have not taken this quiz